000 00235nam a22000977a 4500
999 _c11781
_d11781
008 200215b ||||| |||| 00| 0 eng d
020 _a9781841215655
100 _aAndreae Giles
_97465
245 _aGiraffes Can't Dance
260 _bOrchard